| 000 | 00691nam a22001937i 4500 | ||
|---|---|---|---|
| 999 |
_c22808 _d22808 |
||
| 003 | AR-CdUCM | ||
| 008 | 240321b20232023pe ||||| |||| 00| 0 spa d | ||
| 020 | _a978-612-49266-1-7 | ||
| 040 |
_aMUNICIPALIDAD PROVINCIAL DEL CUSCO _cBIBLIOTECA MUNICIPAL DEL CUSCO |
||
| 041 | _hspa | ||
| 082 |
_2Segunda Edición _a869.56 / P17 / e.2 _bP17 / e.2 |
||
| 100 |
_aPayma del Águila, Reymer _949514 |
||
| 245 | _aEl Abuelo Wilmaco / | ||
| 260 |
_aTarapoto-San Martin : _bAsociación Cultural Redes Literarias _c2023 |
||
| 300 |
_a94 páginas. : _c21 cm. |
||
| 505 | _aFlorece el amor -- Ley vulnerada -- Juntos -- Luz y sombra -- Muerte de Yaro | ||
| 942 |
_2ddc _cLIBROS |
||
| 945 |
_apbj _d21-03-2024 |
||